| 000 | 00854nam a2200301Ia 4500 | ||
|---|---|---|---|
| 008 | 160803s9999 xx 000 0 und d | ||
| 020 | _a054505740X | ||
| 100 | _aLevine, Ellen | ||
| 245 | _aHenry's freedom box : | ||
| 245 | _ba true story from the Underground Railroad / | ||
| 245 | _cby Ellen Levine ; illustrated by Kadir Nelson. | ||
| 260 | _aNew York : | ||
| 260 | _bScholastic Inc. | ||
| 260 | _c2007 | ||
| 300 | _a40 pages : | ||
| 300 | _bcolor illustrations ; | ||
| 300 | _c29 cm | ||
| 500 | _a"Caldecott Honor Book"--Cover. | ||
| 650 | _aAfrican Americans -- | ||
| 650 | _aBrown, Henry Box, 1816- -- | ||
| 650 | _aSlavery -- | ||
| 650 | _aUnderground Railroad -- | ||
| 650 | _xJuvenile fiction. | ||
| 650 | _xJuvenile fiction. | ||
| 650 | _xJuvenile fiction. | ||
| 650 | _xJuvenile fiction. | ||
| 700 | _a380 | ||
| 999 |
_c299585 _d299585 |
||